Loading...
| History - American | 0 | 8 | 0 | 1 | 80 | 39 | 57.25 | 3 | 6 | 0.00 | 0.00 |
| Literature - American | 0 | 8 | 1 | 0 | 75 | 18 | 59.63 | 2 | 6 | 0.00 | 0.00 |
| History - European | 0 | 6 | 0 | 0 | 60 | 10 | 30.83 | 4 | 6 | 0.00 | 0.00 |
| Literature - European | 0 | 7 | 2 | 1 | 60 | 47 | 79.57 | 2 | 4 | 0.00 | 0.00 |
| Literature - World | 0 | 4 | 1 | 0 | 35 | 62 | 74.25 | 1 | 2 | 0.00 | 0.00 |
| Religion | 0 | 4 | 1 | 0 | 35 | 55 | 71.75 | 1 | 4 | 0.00 | 0.00 |
| Science - Biology | 0 | 3 | 0 | 1 | 30 | 64 | 79.00 | 0 | 1 | 0.00 | 0.00 |
| Science - Other | 0 | 3 | 0 | 1 | 30 | 46 | 74.00 | 0 | 1 | 0.00 | 0.00 |
| Painting/Sculpture | 0 | 3 | 0 | 1 | 30 | 84 | 98.33 | 0 | 0 | 0.00 | 0.00 |
| History - Other | 0 | 3 | 0 | 0 | 30 | 11 | 39.33 | 1 | 3 | 0.00 | 0.00 |
| Literature - British | 0 | 3 | 1 | 1 | 25 | 41 | 75.33 | 0 | 2 | 0.00 | 0.00 |
| Fine Arts - Other | 0 | 3 | 1 | 1 | 25 | 72 | 97.33 | 1 | 1 | 0.00 | 0.00 |
| Mythology | 0 | 2 | 0 | 0 | 20 | 74 | 99.00 | 0 | 0 | 0.00 | 0.00 |
| Pop Culture | 0 | 2 | 0 | 0 | 20 | 34 | 45.50 | 0 | 1 | 0.00 | 0.00 |
| Philosophy | 0 | 1 | 0 | 0 | 10 | 70 | 70.00 | 0 | 0 | 0.00 | 0.00 |
| Science - Chemistry | 0 | 1 | 0 | 0 | 10 | 51 | 51.00 | 0 | 0 | 0.00 | 0.00 |
| History - World | 0 | 1 | 0 | 0 | 10 | 62 | 62.00 | 0 | 0 | 0.00 | 0.00 |
| Social Science | 0 | 1 | 2 | 0 | 0 | 85 | 85.00 | 1 | 1 | 0.00 | 0.00 |
| Fine Arts - Classical Music | 0 | 1 | 2 | 0 | 0 | 83 | 83.00 | 0 | 1 | 0.00 | 0.00 |
| Geography | 0 | 0 | 1 | 0 | -5 | 0.00 | 0 | 0 | 0.00 | 0.00 |